Metals Handbook : Volume 5 : Forging and Casting. Part B: Melting and Casting

Gespeichert in:
Bibliographische Detailangaben
Format: Buch
Sprache:Englisch
Veröffentlicht: Metals Park ASM [1972]
Ausgabe:8th ed.
Tags: Tag hinzufügen
Keine Tags, Fügen Sie das erste Tag hinzu!

MARC

LEADER 00000nam a22000003a 4500
001 0006008
003 SK-STU
005 20150707104830.1
007 ta
008 150626s ----xo-----e------000-0-----d
040 |a STU  |b slo 
041 0 |a eng 
044 |a xxu 
080 |a 620 
245 1 0 |a Metals Handbook :  |b Volume 5 : Forging and Casting. Part B: Melting and Casting 
250 |a 8th ed. 
260 |a Metals Park  |b ASM  |c [1972] 
300 |a 472 p. 
996 |b 284M086480  |c M* 13795-1  |l MMKN  |s A  |a 24  |w 0006008_0001